LEADER 01127nam2 2200301 450 001 000035337 005 20180720131459.0 100 $a20131111d1951----km-y0itaa50------ba 101 0 $aita 102 $aIT 200 1 $aEndopterigoti$fGuido Grandi 210 $aBologna$cEdizioni agricole$dstampa 1951 215 $aXVI, 1332 p.$cill.$d30 cm. 461 1$1001000035334$12001$aIntroduzione allo studio dell'entomologia$v2 516 1 $aEntomologia 606 1 $aEntomologia 676 $a595.7$v(22. ed.)$9Arthropoda. Insecta (Insetti) 700 1$aGrandi,$bGuido$f<1886-1970>$055106 801 0$aIT$bUniversità della Basilicata - B.I.A.$gREICAT$2unimarc 912 $a000035337 996 $aEndopterigoti$996955 997 $aUNIBAS CAT $aSTD095$b01$c20131111$lBAS01$h1051 CAT $aTTM$b30$c20131112$lBAS01$h1025 CAT $aATR$b20$c20180622$lBAS01$h0900 CAT $aATR$b20$c20180720$lBAS01$h1314 FMT Z30 -1$lBAS01$LBAS01$mBOOK$1BASA2$APolo Tecnico-Scientifico$2FVIG$BFondo Viggiani$3FVig/40812$640812$5T40812$7Collocato presso la Scuola di Agraria$820131111$f35$FStanza riservata$hVol. 2 LEADER 01033cam2 2200265 450 001 E600200045215 005 20240514133814.0 010 $a978-88-13-28236-3 100 $a20090212d2009 |||||ita|0103 ba 101 $aita 102 $aIT 200 1 $a<<1: Le >>categorie generali, le persone, la proprietà, la famiglia, le successioni, la tutela dei diritti$fFrancesco Galgano 210 $aPadova$cCedam$d2009 215 $aXXXVII, 856 p.$c24 cm 461 1$1001SOBE00038388$12001 $aTrattato di diritto civile / Francesco Galgano 700 1$aGalgano$b, Francesco$3AF00004046$4070$0267658 801 0$aIT$bUNISOB$c20240514$gRICA 850 $aUNISOB 852 $aUNISOB$j340$m142042 912 $aE600200045215 940 $aM 102 Monografia moderna SBN 941 $aM 957 $a340$b006972$gSi$d142042$racquisto$1pomicino$2UNISOB$3UNISOB$420090212093042.0$520240514133814.0$6rovito 996 $aCategorie generali, le persone, la proprietà, la famiglia, le successioni, la tutela dei diritti$9768408 997 $aUNISOB